00000000nam##2200000za#4500
0019.607073
003CaOODSP
00520210624212938
007cr |||||||||||
008150406|2001||||xxc|||||o    f|0| 0 fre|d
040 |aCaOODSP|bfre
043 |an-cn---
0861 |aEn163-1/12F-PDF
1101 |aCanada. |bEnvironnement Canada. |bRégion de l'Ontario.
24510|aÉlaboration d'un programme de relations avec les collectivités portant les lieux |h[ressource électronique]
260 |aDownsview - Ontario : |bEnvironnement Canada.
300 |a3p.|bréférences
4901 |aBATs sur les sites contaminés |vBAT #12
590 |a14-13-Supp|b2014-06-23
69107|aPollution|2gcpds
69107|aRelations communautaires|2gcpds
77508|tDeveloping a community relations program for contaminated sites |w(CaOODSP)9.579822
830#0|aBATs sur les sites contaminés ;|vBAT #12|w(CaOODSP)9.504217
85640|ahttp://publications.gc.ca|qPDF|s49 Ko|uhttps://publications.gc.ca/collections/collection_2014/ec/En163-1-12-fra.pdf|yBAT #12